01047nam a2200205 a 450000100100000000500170001000800410002704000250006808200150009310000350010824501600014326000600030330000300036350000620039304900090045595201280046495201130059295201190070599900170082400002945420200930055549.0110415s2007 dr c 000 0 spa d aDO-SdBNPbspacBNPHU axxxbM722m1 aMolina, Ezequield1944-95632410aMemorias de un ministerio :bvida y testimonio de un siervo de Dios (47 años de victoria 1960-2007) /cEzequiel Molina ; prólogo Tomás Gómez Bueno. aSanto Domingo :bPromociones y Publicidad la Fe,c2007. a134 p. :bretr. ;c23 cm. aIncluye datos biográficos del autor en la contraportada aBNPD 001054708DSaGRbGRcCTd2011-04-15iLF1l0oxxx M722mp29454-30r2020-06-25te. 3w2020-06-25yLFDSZPréstamo en sala 0010718PDaPDbPDcCTd2011-04-15iLF1l0oxxx M722mp29454-10r2020-06-25w2020-06-25yLFPDZNo se presta 0010718PDaPDbPDcCTd2011-04-15iLF1l0oxxx M722mp29454-20r2020-06-25te. 2w2020-06-25yLFPDZNo se presta c28946d28946